[Event "4th Orense it"]
[Site "Orense ESP"]
[Date "1975.01.18"]
[Round "3"]
[White "Lombardy, William James"]
[Black "Bellon Lopez, Juan Manuel"]
[Result "0-1"]
[WhiteElo "2515"]
[BlackElo "2415"]
[EventDate "1975.01.16"]
[PlyCount "88"]

1.Nf3 c5 2.c4 Nf6 3.Nc3 g6 4.e3 Bg7 5.d4 cxd4 6.exd4 d5 7.Qb3 O-O 8.cxd5 
Nbd7 9.Bg5 Nb6 10.Bxf6 Bxf6 11.Be2 e6 12.d6 Qxd6 13.Ne4 Qe7 14.Nxf6+ Qxf6 
15.O-O Rd8 16.a4 Nd5 17.a5 Ne7 18.Rfd1 Nc6 19.Qc3 Bd7 20.Ne5 Rac8 21.Bf3 
Qg5 22.Nxd7 Rxd7 23.a6 b6 24.h3 Ne7 25.Qe3 Qb5 26.Bb7 Rcd8 27.Qc3 Rd6 28.
Rac1 Nf5 29.d5 exd5 30.g4 Ng7 31.Re1 Ne6 32.Qf6 Nc5 33.Qg5 Nd3 34.Re7 Nxc1
35.Qxc1 Re6 36.Qc7 Rxe7 37.Qxe7 Re8 38.Qd6 Re1+ 39.Kg2 Qxb2 40.Bxd5 Qe5 
41.Qd7 Qe7 42.Qc8+ Kg7 43.Qa8 Re2 44.Bf3 Rd2 0-1

[Event "4th Orense it"]
[Site "Orense ESP"]
[Date "1975.01.18"]
[Round "3"]
[White "Quinteros, Miguel Angel"]
[Black "Diez del Corral Rivas, Jesus Maria"]
[Result "1-0"]
[WhiteElo "2505"]
[BlackElo "2515"]
[EventDate "1975.01.16"]
[PlyCount "85"]

1.Nf3 g6 2.d4 Nf6 3.c4 c5 4.Nc3 Bg7 5.d5 d6 6.e4 e5 7.h3 Nbd7 8.Bg5 h6 9.
Be3 a6 10.Qd2 Rb8 11.a4 Nh5 12.Be2 Qe7 13.g3 b6 14.O-O-O Nhf6 15.Ne1 h5 
16.Nf3 Nf8 17.Rdg1 N8h7 18.Nh4 Nd7 19.Ng2 Bf6 20.Ne1 Bg5 21.f4 Bf6 22.Nf3 
h4 23.gxh4 exf4 24.Bxf4 Ne5 25.Nxe5 Bxe5 26.h5 gxh5 27.Bxh5 Nf6 28.Bxe5 
Qxe5 29.Rg5 Qd4 30.Qe2 b5 31.axb5 axb5 32.cxb5 Ra8 33.Kc2 Rxh5 34.Rxh5 
Nxh5 35.Qxh5 Qf2+ 36.Qe2 Qxe2+ 37.Nxe2 f5 38.Rg1 fxe4 39.Rg8+ Kf7 40.Rd8 
e3 41.Kc3 Ke7 42.Rh8 Kf6 43.h4 1-0

[Event "4th Orense it"]
[Site "Orense ESP"]
[Date "1975.01.18"]
[Round "3"]
[White "Rodriguez Vargas, Orestes"]
[Black "Tarjan, James Edward"]
[Result "0-1"]
[WhiteElo "2435"]
[BlackElo "2480"]
[EventDate "1975.01.16"]
[PlyCount "80"]

1.e4 c5 2.Nf3 d6 3.Bb5+ Bd7 4.Bxd7+ Qxd7 5.c4 e5 6.Nc3 Ne7 7.d3 g6 8.a3 
Bg7 9.Qa4 Nbc6 10.Nd5 Nxd5 11.exd5 Ne7 12.Qxd7+ Kxd7 13.Rb1 b5 14.b4 cxb4 
15.Ng5 bxc4 16.dxc4 Rhc8 17.Rxb4 Nxd5 18.Rb7+ Rc7 19.Rxc7+ Nxc7 20.Nxf7 
Ne6 21.Be3 Rc8 22.Ke2 Rxc4 23.Rd1 Ra4 24.Rb1 Kc6 25.Rc1+ Kd5 26.Ng5 Nxg5 
27.Bxg5 e4 28.f3 Rxa3 29.fxe4+ Kxe4 30.Rc4+ Kf5 31.Be3 Be5 32.Rc7 h5 33.h3
a5 34.Ra7 Ke4 35.Bd2 a4 36.g4 hxg4 37.hxg4 Ra2 38.Rc7 d5 39.Re7 a3 40.Kd1 
Rxd2+ 0-1

[Event "4th Orense it"]
[Site "Orense ESP"]
[Date "1975.01.19"]
[Round "4"]
[White "Andersson, Ulf"]
[Black "Durao, Joaquim Manuel"]
[Result "1-0"]
[WhiteElo "2565"]
[BlackElo "2350"]
[EventDate "1975.01.16"]
[PlyCount "71"]

1.c4 g6 2.g3 Bg7 3.Bg2 c5 4.Nc3 Nc6 5.a3 d6 6.Nf3 Bd7 7.Rb1 Qc8 8.h4 Bg4 
9.d3 Nh6 10.Nd5 O-O 11.b4 cxb4 12.axb4 Re8 13.b5 Bxf3 14.Bxf3 Ne5 15.Bg2 
Nd7 16.h5 Ng4 17.hxg6 hxg6 18.e3 Ngf6 19.Bb2 Nxd5 20.Bxd5 Bxb2 21.Rxb2 Kg7
22.Qg4 Ne5 23.Qd4 f6 24.Qh4 Rh8 25.Qxh8+ Qxh8 26.Rxh8 Rxh8 27.Ke2 b6 28.
Ra2 Rh2 29.Bf3 f5 30.Rxa7 Kf6 31.Ra6 g5 32.Rxb6 Nd7 33.Ra6 Nc5 34.d4 Nxa6 
35.bxa6 g4 36.Bb7 1-0

[Event "4th Orense it"]
[Site "Orense ESP"]
[Date "1975.01.19"]
[Round "4"]
[White "Cardoso, Rodolfo Tan"]
[Black "Rodriguez Vargas, Orestes"]
[Result "0-1"]
[WhiteElo "2410"]
[BlackElo "2435"]
[EventDate "1975.01.16"]
[PlyCount "106"]

1.e4 c5 2.Ne2 Nc6 3.Nbc3 d6 4.d4 cxd4 5.Nxd4 Nf6 6.Bc4 Qb6 7.Ndb5 a6 8.Na3
e6 9.Bb3 Qc7 10.f3 b5 11.Ne2 Be7 12.c4 bxc4 13.Nxc4 O-O 14.Bf4 e5 15.Be3 
Be6 16.O-O Rab8 17.Rc1 Rfc8 18.Ba4 Qd8 19.Qd2 d5 20.exd5 Nxd5 21.Bxc6 Rxc6
22.Nxe5 Rxc1 23.Rxc1 Nxe3 24.Qxe3 Rxb2 25.Nc6 Bg5 26.f4 Qd2 27.Qxd2 Rxd2 
28.fxg5 Rxe2 29.Rd1 h6 30.gxh6 Bxa2 31.Rd8+ Kh7 32.hxg7 Kxg7 33.Rd4 Be6 
34.Nd8 Bf5 35.Kf1 Re4 36.Rd5 Bc8 37.Kf2 Rc4 38.Rd6 a5 39.Ke3 a4 40.Rd4 
Rc3+ 41.Rd3 Rc2 42.Rd2 Rc7 43.h4 a3 44.Ra2 Re7+ 45.Kf4 Ra7 46.Ke3 Ra4 47.
Kd3 Ba6+ 48.Kc3 Bc4 49.Ra1 Bd5 50.h5 f5 51.Kc2 a2 52.Kb2 Rb4+ 53.Ka3 Rb3+ 
0-1

[Event "4th Orense it"]
[Site "Orense ESP"]
[Date "1975.01.19"]
[Round "4"]
[White "Diez del Corral Rivas, Jesus Maria"]
[Black "Bellon Lopez, Juan Manuel"]
[Result "1-0"]
[WhiteElo "2515"]
[BlackElo "2415"]
[EventDate "1975.01.16"]
[PlyCount "69"]

1.e4 c5 2.Nf3 e6 3.d3 Nc6 4.Nbd2 d6 5.g3 g6 6.h4 Bg7 7.h5 gxh5 8.Nh4 Nf6 
9.Bg2 Ne5 10.Nc4 b6 11.Nxe5 dxe5 12.b3 Bb7 13.Bb2 Qd6 14.Nf3 Nd7 15.Qe2 b5
16.Rxh5 a5 17.a4 c4 18.dxc4 bxc4 19.Ba3 Qc6 20.Nd2 cxb3 21.cxb3 Ba6 22.Qe3
Rc8 23.Bf1 Nf6 24.Qa7 Rc7 25.Qxa6 Qxa6 26.Bxa6 Nxh5 27.Bb5+ Kd8 28.Nc4 
Rxc4 $4 29.bxc4 Kc7 30.Rd1 Rd8 31.Rxd8 Kxd8 32.Bd6 Bf6 33.c5 Be7 34.Bxe5 
Bxc5 35.Be2 1-0

[Event "4th Orense it"]
[Site "Orense ESP"]
[Date "1975.01.19"]
[Round "4"]
[White "Garcia Gonzales, Guillermo"]
[Black "Keene, Raymond Dennis"]
[Result "1/2-1/2"]
[WhiteElo "2485"]
[BlackElo "2505"]
[EventDate "1975.01.16"]
[PlyCount "80"]

1.d4 Nf6 2.c4 e6 3.Nc3 Bb4 4.e3 O-O 5.Ne2 Re8 6.a3 Bf8 7.Ng3 d5 8.Be2 b6 
9.O-O Bb7 10.b4 Nbd7 11.Rb1 g6 12.Qc2 h5 13.Rd1 a6 14.f3 h4 15.Nf1 h3 16.
e4 hxg2 17.Ng3 Nh7 18.Kxg2 Qh4 19.Qd2 dxe4 20.fxe4 a5 21.Bf3 axb4 22.axb4 
e5 23.d5 Ba6 24.Nb5 Bxb5 25.cxb5 Ra7 26.Rb2 Rea8 27.Rf1 Be7 28.Kh1 Ng5 29.
Qe2 Nf6 30.Bd2 Nfh7 31.Bg2 Ra3 32.Be1 Qh6 33.Rc2 Bd6 34.Qg4 Kh8 35.Kg1 f6 
36.Bd2 Qg7 37.h4 Nf7 38.Bc3 Nh6 39.Qh3 Ra2 40.Rfc1 R2a3 1/2-1/2

[Event "4th Orense it"]
[Site "Orense ESP"]
[Date "1975.01.19"]
[Round "4"]
[White "Ljubojevic, Ljubomir"]
[Black "Larsen, Bent"]
[Result "1/2-1/2"]
[WhiteElo "2615"]
[BlackElo "2625"]
[EventDate "1975.01.16"]
[Annotator "Larsen,Bent"]
[PlyCount "70"]

{[Inf 19/418]} 
1.e4 c5 2.Nf3 d6 3.d4 cxd4 4.Nxd4 Nf6 5.Nc3 e6 6.g4 h6 7.Bg2 ( 7.g5 $5 ) (
7.h4 $5 ) 7...Nc6 8.g5 $6 hxg5 9.Bxg5 Bd7 10.Qd2 Qb6 ( 10...a6 $5 ) 11.
Ndb5 $5 ( 11.Nb3 $2 Ne5 $15 ) 11...Ng4 12.h3 a6 $1 13.Nxd6+ Bxd6 14.hxg4 
Rxh1+ 15.Bxh1 Ne5 16.Be3 Qc7 17.O-O-O Nc4 $11 18.Qd3 O-O-O 19.Kb1 Nxe3 20.
Qxe3 Be5 21.Rd3 Bc6 22.Bf3 Rxd3 23.cxd3 Qd6 24.Bd1 Bd4 25.Qf3 Qb4 26.a3 
Qb6 27.Ka2 Be8 $1 28.Bb3 Qc5 29.Nd1 a5 30.Qe2 a4 31.Bc2 e5 32.f3 Bd7 33.
Qd2 b5 34.Kb1 Kb7 35.Qa5 Qb6 $1 $11 1/2-1/2

[Event "4th Orense it"]
[Site "Orense ESP"]
[Date "1975.01.19"]
[Round "4"]
[White "Pomar Salamanca, Arturo"]
[Black "Lombardy, William James"]
[Result "1/2-1/2"]
[WhiteElo "2450"]
[BlackElo "2515"]
[EventDate "1975.01.16"]
[PlyCount "52"]

1.d4 f5 2.Nf3 Nf6 3.g3 g6 4.Bg2 Bg7 5.c4 O-O 6.Nc3 d6 7.O-O c6 8.b4 Kh8 9.
Bb2 Be6 10.d5 Bg8 11.Nd4 cxd5 12.Nxd5 Qd7 13.Rc1 Nxd5 14.cxd5 Na6 15.Qb3 
Rfc8 16.a4 Nc7 17.Rfd1 Ne8 18.b5 Rxc1 19.Rxc1 Rc8 20.Rxc8 Qxc8 21.a5 Bf7 
22.h3 Bf6 23.e3 Kg8 24.Qa4 Qc5 25.a6 bxa6 26.bxa6 Qb6 1/2-1/2

[Event "4th Orense it"]
[Site "Orense ESP"]
[Date "1975.01.19"]
[Round "4"]
[White "Quinteros, Miguel Angel"]
[Black "Hernando Pertierra, Jose Carlos"]
[Result "1-0"]
[WhiteElo "2505"]
[BlackElo "2200"]
[EventDate "1975.01.16"]
[PlyCount "109"]

1.Nf3 d5 2.g3 c6 3.Bg2 Bf5 4.d3 e6 5.Nbd2 Nf6 6.Nh4 Bg4 7.h3 Bh5 8.g4 Nfd7
9.Ndf3 Bg6 10.Bf4 Be7 11.Nxg6 hxg6 12.Qd2 Na6 13.a4 Nb4 14.O-O a5 15.c3 
Na6 16.d4 Nf6 17.Qd3 Nb8 18.Nd2 Bd6 19.Qg3 Bxf4 20.Qxf4 Nbd7 21.Qg3 Qb8 
22.f4 g5 23.e3 Nf8 24.Rf3 gxf4 25.exf4 Ng6 26.Re1 Qd6 27.Rf2 Nh4 28.Bh1 g5
29.Qe3 gxf4 30.Rxf4 Nh7 31.Nf3 Nxf3+ 32.Rxf3 Qe7 33.Qe5 Kd7 34.Bg2 Ng5 35.
Rd3 Rh7 36.Ree3 Rah8 37.Qf4 Rg7 38.Re2 Kc8 39.Kh2 Rh4 40.Rg3 Rh6 41.Rf2 
Rgh7 42.b4 axb4 43.cxb4 f6 44.b5 Qc7 45.Qxc7+ Rxc7 46.b6 Rg7 47.a5 Nf7 48.
Rgf3 Rgg6 49.Bf1 Nd6 50.Rc2 Rxg4 51.a6 Rg8 52.a7 Kd7 53.Rg3 Rhh8 54.Rxg8 
Rxg8 55.Rg2 1-0

[Event "4th Orense it"]
[Site "Orense ESP"]
[Date "1975.01.19"]
[Round "4"]
[White "Tarjan, James Edward"]
[Black "Gheorghiu, Florin"]
[Result "0-1"]
[WhiteElo "2480"]
[BlackElo "2540"]
[EventDate "1975.01.16"]
[Annotator "Raicevic,V"]
[PlyCount "54"]

{[Inf 19/379]} 
1.e4 c5 2.Nf3 Nc6 3.d4 cxd4 4.Nxd4 Nf6 5.Nc3 d6 6.Bg5 e6 7.Qd2 a6 8.O-O-O 
h6 $1 9.Be3 ( 9.Bh4 $2 Nxe4 $17 ) 9...Bd7 $13 10.f4 b5 11.a3 $2 ( 11.Bd3 
$5 $13 ) 11...Qb8 $1 12.Be2 b4 13.axb4 Qxb4 $15 14.e5 dxe5 15.Nxc6 Bxc6 
16.fxe5 Rb8 $1 $17 17.b3 Qa5 $1 18.Qd4 Nd7 19.Ne4 Ba3+ $19 20.Kb1 Qxe5 21.
Bf3 O-O 22.Nf6+ Qxf6 23.Bxc6 Ne5 24.Ba4 $2 ( 24.Be4 ) 24...Rbc8 $1 25.Qe4 
Nf3 26.Bc1 $2 ( 26.Bd4 $19 ) 26...Bxc1 27.Rxc1 Nd2+ 0-1

[Event "4th Orense it"]
[Site "Orense ESP"]
[Date "1975.01.20"]
[Round "5"]
[White "Bellon Lopez, Juan Manuel"]
[Black "Pomar Salamanca, Arturo"]
[Result "1/2-1/2"]
[WhiteElo "2415"]
[BlackElo "2450"]
[EventDate "1975.01.16"]
[PlyCount "111"]

1.e4 Nf6 2.Nc3 d5 3.exd5 Nxd5 4.Qf3 Nxc3 5.Bc4 e6 6.dxc3 Nc6 7.Bf4 Bd6 8.
O-O-O O-O 9.Nh3 Qh4 10.Bxd6 cxd6 11.Qf4 Qxf4+ 12.Nxf4 Rd8 13.h4 b6 14.Rd2 
Ne5 15.Be2 Kf8 16.Rhd1 Ke7 17.Nh5 g6 18.f4 Nd7 19.Bf3 Rb8 20.Ng3 Nf6 21.
Ne2 Bb7 22.Bxb7 Rxb7 23.Nd4 Rc7 24.Nb5 Rcd7 25.c4 d5 26.cxd5 Nxd5 27.g3 
Ne3 28.Nxa7 Nxd1 29.Nc6+ Kf6 30.Nxd8 Rxd2 31.Kxd2 Nxb2 32.Kc3 Nd1+ 33.Kb4 
Ke7 34.Nc6+ Kd6 35.Ne5 f6 36.Ng4 f5 37.Nf6 h5 38.Kb5 Kc7 39.Ne8+ Kd7 40.
Nf6+ Kc7 41.Nh7 Nc3+ 42.Kc4 Nxa2 43.Nf8 Kd6 44.Nxg6 Nc1 45.Kb5 Ne2 46.Kxb6
Kd5 47.Kc7 Nxg3 48.Kd7 Ne2 49.c4+ Kxc4 50.Kxe6 Nd4+ 51.Kf6 Kd5 52.Kg5 Ke4 
53.Kxh5 Ne6 54.Kh6 Nxf4 55.Nxf4 Kxf4 56.Kg6 1/2-1/2

[Event "4th Orense it"]
[Site "Orense ESP"]
[Date "1975.01.20"]
[Round "5"]
[White "Durao, Joaquim Manuel"]
[Black "Ljubojevic, Ljubomir"]
[Result "0-1"]
[WhiteElo "2350"]
[BlackElo "2615"]
[EventDate "1975.01.16"]
[PlyCount "67"]

1.e4 c5 2.Nf3 d6 3.d4 Nf6 4.Nc3 cxd4 5.Nxd4 a6 6.f4 Nbd7 7.Be2 g6 8.O-O 
Bg7 9.Kh1 O-O 10.a4 Qc7 11.g4 Nc5 12.Bf3 Bxg4 13.Bxg4 Nxg4 14.Qxg4 Bxd4 
15.Nd5 Qd8 16.f5 Nd7 17.Bg5 Nf6 18.Bxf6 exf6 19.Ra3 Kg7 20.Rh3 Rh8 21.Qh4 
h5 22.fxg6 fxg6 23.Nf4 Qe8 24.Rg3 Qxe4+ 25.Rg2 Kf7 26.Qh3 g5 27.Qb3+ Kg7 
28.Ne6+ Kg6 29.Qc4 d5 30.Qxd4 Qxe6 31.Rgf2 Rhf8 32.Qc5 Rac8 33.Qa7 Rf7 34.
c3 $138 0-1

[Event "4th Orense it"]
[Site "Orense ESP"]
[Date "1975.01.20"]
[Round "5"]
[White "Gheorghiu, Florin"]
[Black "Cardoso, Rodolfo Tan"]
[Result "1-0"]
[WhiteElo "2540"]
[BlackElo "2410"]
[EventDate "1975.01.16"]
[PlyCount "83"]

1.d4 Nf6 2.c4 g6 3.Nc3 d5 4.Bf4 Bg7 5.e3 O-O 6.Qb3 dxc4 7.Bxc4 Nc6 8.Be2 
Na5 9.Qa4 b6 10.Nf3 Bb7 11.O-O Nd5 12.Nxd5 Bxd5 13.Qc2 Rc8 14.b4 Nc6 15.e4
Nxb4 16.Qb1 c5 17.dxc5 Bxa1 18.Qxb4 bxc5 19.Qb1 Bg7 20.Rd1 e6 21.exd5 exd5
22.Bc4 d4 23.h4 Rc6 24.h5 Rb6 25.Qd3 gxh5 26.g3 Rg6 27.Kh2 Qc8 28.Re1 Bf6 
29.Ne5 Bxe5 30.Rxe5 h4 31.gxh4 Kh8 32.Qf5 Qc6 33.Bg3 Rf6 34.Qh5 Rh6 35.Qg5
Rg8 36.Qf4 Rf6 37.Rxc5 Rxf4 38.Rxc6 Rf5 39.Rd6 Kg7 40.Rxd4 h5 41.Rd7 Rc8 
42.Be6 1-0

[Event "4th Orense it"]
[Site "Orense ESP"]
[Date "1975.01.20"]
[Round "5"]
[White "Hernando Pertierra, Jose Carlos"]
[Black "Diez del Corral Rivas, Jesus Maria"]
[Result "0-1"]
[WhiteElo "2200"]
[BlackElo "2515"]
[EventDate "1975.01.16"]
[PlyCount "42"]

1.Nf3 g6 2.e4 c6 3.d4 d5 4.Nc3 Bg7 5.h3 Nh6 6.Bf4 f6 7.Qd2 Nf7 8.Be2 e5 9.
Bg3 Bh6 10.Qd1 dxe4 11.Nxe4 f5 12.Nc3 e4 13.Ne5 Be6 14.Nxf7 Bxf7 15.Be5 
O-O 16.g4 Nd7 17.Bd6 Re8 18.h4 fxg4 19.Bxg4 Nf6 20.Be5 Nxg4 21.Qxg4 Rxe5 
0-1

[Event "4th Orense it"]
[Site "Orense ESP"]
[Date "1975.01.20"]
[Round "5"]
[White "Keene, Raymond Dennis"]
[Black "Tarjan, James Edward"]
[Result "1/2-1/2"]
[WhiteElo "2505"]
[BlackElo "2480"]
[EventDate "1975.01.16"]
[PlyCount "34"]

1.Nf3 Nf6 2.c4 g6 3.g3 Bg7 4.Bg2 O-O 5.O-O d5 6.cxd5 Nxd5 7.d4 Nc6 8.Nc3 
Nb6 9.e3 e5 10.d5 Ne7 11.e4 Bg4 12.a4 c6 13.a5 Nc4 14.a6 bxa6 15.Rxa6 Qc8 
16.Qa4 cxd5 17.exd5 Nb6 1/2-1/2

[Event "4th Orense it"]
[Site "Orense ESP"]
[Date "1975.01.20"]
[Round "5"]
[White "Larsen, Bent"]
[Black "Quinteros, Miguel Angel"]
[Result "1-0"]
[WhiteElo "2625"]
[BlackElo "2505"]
[EventDate "1975.01.16"]
[Annotator "Larsen,Bent"]
[PlyCount "79"]

1.c4 g6 2.d4 Bg7 3.e4 d6 4.Nc3 Nc6 5.Be3 e5 6.d5 Nce7 7.g4 $5 ( {Tambi�n 
es bueno} 7.c5 {.} ) 7...Nf6 ( {Es interesante} 7...f5 $5 {, por ejemplo} 
8.gxf5 gxf5 9.Qh5+ Kf8 10.Bh3 ) 8.f3 h5 $2 ( {Hay muchas jugadas mejores, 
como por ejemplo} 8...c6 {; 8...c5 y 8...0-0. Quinteros me dijo despu�s de
la partida que tras hacer esta mala jugada estuvo a punto de abandonar.} )
9.g5 Nh7 10.Qd2 f5 11.h4 Nf8 12.c5 a6 13.b4 Nd7 14.a4 O-O 15.a5 {[Marshall
gan� una partida con s�lo movimientos de peones, pero naturalmente fue 
contra un contrario bastante flojo. Frente a un gran maestro 12 jugadas de
peones y 3 de piezas, es normalmente muy malo, pero en este caso resulta 
decisivamente ventajoso. ]} 15...Kh7 16.Nge2 Rf7 17.Nc1 Nf8 18.Be2 c6 {
[!Desesperaci�n! ]} 19.cxd6 Qxd6 20.Bc5 Qd8 21.d6 Ng8 {[!Un caballo poco 
activo! ]} 22.Nb3 Qe8 23.Be3 Ne6 24.Rd1 Bd7 25.O-O Rd8 26.Bc4 Rf8 27.Bb6 
Rb8 28.Ne2 fxe4 29.fxe4 Nd4 30.Rxf8 Qxf8 31.Nbxd4 exd4 32.Rf1 $1 Qe8 ( {Si
} 32...Qxd6 33.Rf7 {, no habr�a esperanzas para el negro.} ) 33.Nf4 Qe5 
34.Bf7 Qxd6 35.Bxg6+ Kh8 36.Bxh5 d3 37.e5 Bxe5 38.Ng6+ Kg7 39.Nxe5 Qxe5 
40.Qxd3 1-0

[Event "4th Orense it"]
[Site "Orense ESP"]
[Date "1975.01.20"]
[Round "5"]
[White "Lombardy, William James"]
[Black "Garcia Gonzales, Guillermo"]
[Result "1/2-1/2"]
[WhiteElo "2515"]
[BlackElo "2485"]
[EventDate "1975.01.16"]
[PlyCount "77"]

1.d4 Nf6 2.c4 e6 3.Nc3 Bb4 4.Nf3 c5 5.e3 O-O 6.Bd3 d5 7.O-O dxc4 8.Bxc4 
Bd7 9.Bd3 Bc6 10.Ne5 Qe7 11.a3 Ba5 12.b4 cxb4 13.Na4 Nbd7 14.Nxc6 bxc6 15.
Bd2 e5 16.Rc1 exd4 17.exd4 Qd6 18.Rc4 Rfe8 19.axb4 Bc7 20.g3 Nb6 21.Bf4 
Qe6 22.Nxb6 Bxb6 23.Qc2 Rad8 24.Be5 Qh3 25.Bxf6 gxf6 26.d5 Rxd5 27.Rh4 Qd7
28.Bxh7+ Kf8 29.Be4 Rd2 30.Bxc6 Rxc2 31.Bxd7 Ree2 32.Rf4 Kg7 33.Bg4 Red2 
34.Bh5 Rd4 35.Rxd4 Bxd4 36.Rd1 Bxf2+ 37.Kh1 Bb6 38.Rd7 Rc7 39.Rxc7 1/2-1/2

[Event "4th Orense it"]
[Site "Orense ESP"]
[Date "1975.01.20"]
[Round "5"]
[White "Rodriguez Vargas, Orestes"]
[Black "Andersson, Ulf"]
[Result "0-1"]
[WhiteElo "2435"]
[BlackElo "2565"]
[EventDate "1975.01.16"]
[PlyCount "80"]

1.d4 Nf6 2.Nc3 c5 3.d5 d6 4.e4 g6 5.Nf3 Bg7 6.Bb5+ Bd7 7.a4 O-O 8.O-O Bg4 
9.h3 Bxf3 10.Qxf3 a6 11.Be2 Nbd7 12.Qg3 Rb8 13.Qh4 Ne8 14.Bg5 Bf6 15.f4 
Nc7 16.Rad1 b5 17.axb5 axb5 18.Bg4 Bxg5 19.Qxg5 Nf6 20.e5 b4 21.Ne2 Nfxd5 
22.Ng3 e6 23.Qh6 f5 24.exf6 Qxf6 25.Ne4 Qe7 26.Ng5 Ne3 27.Rxd6 Nxf1 28.
Kxf1 Rxf4+ 29.Kg1 Rbf8 30.Rd1 Kh8 31.c3 R4f6 32.Ne4 R6f7 33.Qe3 Nd5 34.Qg3
Rf4 35.Re1 Qc7 36.Qd3 Qe5 37.Bf3 bxc3 38.bxc3 Nf6 39.Qd6 Qxd6 40.Nxd6 Nd5 
0-1

[Event "4th Orense it"]
[Site "Orense ESP"]
[Date "1975.01.22"]
[Round "6"]
[White "Andersson, Ulf"]
[Black "Gheorghiu, Florin"]
[Result "1/2-1/2"]
[WhiteElo "2565"]
[BlackElo "2540"]
[EventDate "1975.01.16"]
[PlyCount "74"]

1.Nf3 g6 2.g3 Bg7 3.Bg2 c5 4.O-O Nc6 5.c3 e5 6.d3 Nge7 7.e4 O-O 8.a3 d6 9.
b4 h6 10.Nbd2 Be6 11.Rb1 Qd7 12.Bb2 b5 13.Re1 a5 14.bxc5 dxc5 15.Nb3 Qa7 
16.d4 exd4 17.cxd4 cxd4 18.Nbxd4 Rfd8 19.Nxc6 Nxc6 20.Qc1 Rac8 21.Bxg7 
Kxg7 22.Rxb5 Nd4 23.Qa1 Kh7 24.Nxd4 Rxd4 25.Qb2 Rcd8 26.Rb7 Qc5 27.h4 Kg8 
28.Re3 Rd1+ 29.Kh2 R1d2 30.Qf6 Qf8 31.Rf3 Qg7 32.Qe7 g5 33.h5 Qf8 34.Qf6 
Qg7 35.Bh3 Qxf6 36.Rxf6 g4 37.Bg2 Ra2 1/2-1/2

[Event "4th Orense it"]
[Site "Orense ESP"]
[Date "1975.01.22"]
[Round "6"]
[White "Cardoso, Rodolfo Tan"]
[Black "Keene, Raymond Dennis"]
[Result "1/2-1/2"]
[WhiteElo "2410"]
[BlackElo "2505"]
[EventDate "1975.01.16"]
[PlyCount "82"]

1.e4 e6 2.d4 d5 3.Nd2 Nf6 4.e5 Nfd7 5.Bd3 c5 6.c3 b6 7.Ne2 Ba6 8.Bxa6 Nxa6
9.O-O Nc7 10.f4 f5 11.exf6 Nxf6 12.Nf3 Bd6 13.Ne5 O-O 14.Ng3 g6 15.Be3 
Nce8 16.Rc1 c4 17.b3 Qc7 18.bxc4 dxc4 19.Qe2 Rc8 20.Bd2 Ng7 21.Rb1 Ba3 22.
Qd1 Nf5 23.Re1 Bd6 24.Qf3 Nd5 25.Qg4 Ng7 26.Ne4 Be7 27.Rec1 Qb7 28.Qe2 Qa6
29.a4 Rc7 30.Ra1 Qc8 31.g3 Qb7 32.Rcb1 Rfc8 33.Ng4 Qc6 34.Nh6+ Kh8 35.g4 
Rf8 36.Rf1 Bd6 37.Nxd6 Qxd6 38.Qe5 Rd7 39.Qxd6 Rxd6 40.Rae1 Rd7 41.Re5 Nc7
$14 1/2-1/2

[Event "4th Orense it"]
[Site "Orense ESP"]
[Date "1975.01.22"]
[Round "6"]
[White "Diez del Corral Rivas, Jesus Maria"]
[Black "Pomar Salamanca, Arturo"]
[Result "0-1"]
[WhiteElo "2515"]
[BlackElo "2450"]
[EventDate "1975.01.16"]
[PlyCount "96"]

1.d4 Nf6 2.c4 e6 3.Nc3 Bb4 4.a3 Bxc3+ 5.bxc3 c6 6.f3 d5 7.e3 O-O 8.Bd3 b6 
9.Ne2 Ba6 10.cxd5 Bxd3 11.Qxd3 cxd5 12.e4 Nbd7 13.Bg5 dxe4 14.fxe4 Nc5 15.
Qf3 Ncxe4 16.Bh4 Rc8 17.Rd1 Qd5 18.O-O Qh5 19.Qxh5 Nxh5 20.d5 exd5 21.Rxd5
Nhf6 22.Rd4 Rfe8 23.a4 h6 24.a5 bxa5 25.Ra1 Rc5 26.c4 Ng4 27.Be1 Ne3 28.
Rxa5 Rc6 29.Ng3 Rf6 30.h4 Nxg3 31.Bxg3 Rf1+ 32.Kh2 f5 33.Bf4 Nc2 34.Rd2 
Rxf4 35.Rxc2 Rxh4+ 36.Kg3 Ree4 37.Rxf5 Rxc4 38.Ra2 Ra4 39.Ra5 Rag4+ 40.Kf3
Rg6 41.Rxa7 Rhg4 42.Ra8+ Kh7 43.Rf8 Rg3+ 44.Ke4 R6g4+ 45.Kf5 Rxg2 46.Raa8 
Rg5+ 47.Ke4 Kg6 48.Rh8 Kh5 0-1

[Event "4th Orense it"]
[Site "Orense ESP"]
[Date "1975.01.22"]
[Round "6"]
[White "Garcia Gonzales, Guillermo"]
[Black "Bellon Lopez, Juan Manuel"]
[Result "1-0"]
[WhiteElo "2485"]
[BlackElo "2415"]
[EventDate "1975.01.16"]
[PlyCount "81"]

1.Nf3 c5 2.c4 Nf6 3.Nc3 g6 4.g3 b6 5.e4 Bb7 6.d3 Bg7 7.Bg2 O-O 8.O-O e6 9.
Ne1 Nc6 10.Nc2 d6 11.Be3 Rc8 12.h3 Qd7 13.Re1 Rfd8 14.Qe2 Ne8 15.Rad1 a6 
16.Bg5 Ne7 17.d4 h6 18.Be3 cxd4 19.Bxd4 Bxd4 20.Nxd4 Qc7 21.Bf1 e5 22.Nc2 
f5 23.Ne3 Nf6 $6 ( 23...fxe4 $142 ) 24.exf5 Nxf5 25.Nxf5 gxf5 26.Qd3 Qc6 
27.Nd5 Nxd5 28.cxd5 Qd7 29.Qe3 Kg7 $2 ( 29...Rc2 $142 ) 30.Qxb6 Qf7 $2 ( 
30...Qc7 $142 ) 31.Bg2 ( 31.Bxa6 Bxa6 32.Qxa6 ) 31...Rd7 32.Rc1 ( 32.b4 ) 
32...Rdc7 ( 32...Rxc1 33.Rxc1 Bxd5 34.Bxd5 Qxd5 35.Qxa6 ) 33.Rc3 Rxc3 34.
bxc3 Qc7 $4 ( 34...Bxd5 35.Qxd6 ) 35.Rb1 Ba8 36.Qxc7+ Rxc7 37.Rb6 e4 38.
Rxd6 Rxc3 39.Rd8 Rc1+ 40.Bf1 f4 41.gxf4 {Notas DeepFriz9} 1-0

[Event "4th Orense it"]
[Site "Orense ESP"]
[Date "1975.01.22"]
[Round "6"]
[White "Hernando Pertierra, Jose Carlos"]
[Black "Larsen, Bent"]
[Result "1-0"]
[WhiteElo "2200"]
[BlackElo "2625"]
[EventDate "1975.01.16"]
[PlyCount "59"]

1.Nf3 e6 2.c4 b6 3.b3 Bb7 4.Bb2 f5 5.g3 Nf6 6.Bg2 Bb4 7.O-O O-O 8.d4 a5 9.
c5 bxc5 10.a3 cxd4 11.axb4 axb4 12.Rxa8 Bxa8 13.Qxd4 Nc6 14.Qc4 Ne4 15.Ne5
Ne7 16.Qd4 Nd5 17.Nd3 Qe7 18.Rc1 Nef6 19.Nd2 Rb8 20.e4 fxe4 21.Nxe4 Nxe4 
22.Bxe4 d6 23.Bxd5 exd5 24.Qa7 Rc8 25.Nxb4 Qf7 26.Nc6 Re8 27.Nd8 Rxd8 28.
Rxc7 Qe6 29.Re7 Qf5 30.Rxg7+ 1-0

[Event "4th Orense it"]
[Site "Orense ESP"]
[Date "1975.01.22"]
[Round "6"]
[White "Ljubojevic, Ljubomir"]
[Black "Rodriguez Vargas, Orestes"]
[Result "1-0"]
[WhiteElo "2615"]
[BlackElo "2435"]
[EventDate "1975.01.16"]
[PlyCount "116"]

1.e4 c5 2.Nf3 d6 3.d4 cxd4 4.Nxd4 Nf6 5.Nc3 Nc6 6.Bc4 Qb6 7.Nde2 e6 8.O-O 
Be7 9.Bb3 O-O 10.Bg5 Na5 11.Ng3 Nxb3 12.axb3 h6 13.Be3 Qc6 14.b4 b6 15.b5 
Qc7 16.Qe2 Re8 17.Ra4 Bd7 18.Nh5 Nxh5 19.Qxh5 Bf6 20.Bd4 Bxd4 21.Rxd4 Red8
22.Rfd1 Be8 23.Qe2 Kf8 24.Qd3 Ke7 25.Qg3 Kf8 26.Rxd6 Rxd6 27.Qxd6+ Qxd6 
28.Rxd6 Ke7 29.Rd1 Rc8 30.f3 Rc5 31.Ra1 Rc7 32.e5 f6 33.exf6+ gxf6 34.Kf2 
Bg6 35.Ke3 Be8 36.Kd2 Kd6 37.Ne4+ Ke7 38.Nc3 f5 39.f4 Kd6 40.g3 h5 41.Re1 
Rc5 42.Ra1 Rc7 43.b4 Rg7 44.Re1 h4 45.Re3 hxg3 46.hxg3 Bd7 47.Ke2 Rg8 48.
Kd3 Rg4 49.Kc4 Rg8 50.Kd4 Rg7 51.Rd3 Rg8 52.Ne2 Bxb5 53.c4 Bc6 54.Ra3 a5 
55.bxa5 Ra8 56.a6 b5 57.c5+ Kc7 58.Kc3 Bb7 1-0

[Event "4th Orense it"]
[Site "Orense ESP"]
[Date "1975.01.22"]
[Round "6"]
[White "Quinteros, Miguel Angel"]
[Black "Durao, Joaquim Manuel"]
[Result "1-0"]
[WhiteElo "2505"]
[BlackElo "2350"]
[EventDate "1975.01.16"]
[PlyCount "79"]

1.Nf3 Nf6 2.g3 g6 3.c4 Bg7 4.d4 O-O 5.Bg2 d6 6.O-O Nc6 7.Nc3 e5 8.d5 Ne7 
9.e4 Ne8 10.Ng5 h6 11.Nh3 f5 12.f4 Nf6 13.exf5 gxf5 14.b3 Ng4 15.Qd2 c6 
16.fxe5 Bxe5 17.Bb2 Ng6 18.Nf4 Nxf4 19.gxf4 Bg7 20.h3 Nf6 21.Bf3 c5 22.Kh1
Bd7 23.Rg1 Qe7 24.Rg3 Rf7 25.Re1 Qf8 26.Reg1 Kh7 27.Qd3 Re8 28.Nd1 Ree7 
29.Kh2 Ne8 30.Bh5 Bxb2 31.Bxf7 Bd4 32.Bg6+ Kh8 33.R1g2 Ng7 34.Ne3 Qf6 35.
Nc2 Bb2 36.Re2 Rxe2+ 37.Qxe2 Qh4 38.Ne1 Bd4 39.Nf3 Qxf4 40.Qe7 1-0

[Event "4th Orense it"]
[Site "Orense ESP"]
[Date "1975.01.22"]
[Round "6"]
[White "Tarjan, James Edward"]
[Black "Lombardy, William James"]
[Result "0-1"]
[WhiteElo "2480"]
[BlackElo "2515"]
[EventDate "1975.01.16"]
[PlyCount "81"]

1.e4 e5 2.Bb5 Nc6 3.Nf3 a6 4.Ba4 Nf6 5.O-O b5 6.Bb3 Bb7 7.c3 Be7 8.Re1 O-O
9.d4 d6 10.Nbd2 Qd7 11.Nf1 Rfe8 12.Ng3 h6 13.Bc2 Bf8 14.b3 g6 15.Bd3 d5 
16.Nxe5 Nxe5 17.dxe5 dxe4 18.Bxb5 axb5 19.exf6 Qc6 20.Qe2 Qxc3 21.Bb2 Qd3 
22.Red1 Qxe2 23.Nxe2 Red8 24.Nc3 b4 25.Na4 Bc6 26.h4 Re8 27.Rac1 Bxa4 28.
bxa4 Bd6 29.Bd4 Rxa4 30.Bc5 Re6 31.Bxd6 cxd6 32.Rc4 Rxa2 33.Rxb4 Rxf6 34.
Rf1 d5 35.Rd4 Rf5 36.g4 Rf4 37.f3 Kg7 38.g5 Rxh4 39.Rxd5 exf3 40.Rxf3 hxg5
41.Rxg5 0-1